| 000 | 00803nam a2200253u 4500 | ||
|---|---|---|---|
| 001 | 2637 | ||
| 005 | 20240111134530.0 | ||
| 020 | _a9780899190358 | ||
| 040 |
_aDLC _cCarP _dDLC _beng |
||
| 050 | _aPZ8.A8 | ||
| 082 | _a398.20948104529648 | ||
| 100 | _aGaldone, Paul | ||
| 245 | 0 | 4 | _aThe Three billy-goats gruff / |
| 250 | _aPrinted in Singapore | ||
| 260 |
_aNew York : _bHoughton Mifflin Company, _c1973 |
||
| 300 |
_a32 pages ;: _bcolor illustrations ; _c29 cm . |
||
| 505 | _aJ | ||
| 520 | _aThree clever billy goats outwit a big ugly troll that lives under the bridge they must cross on their way up the mountain. | ||
| 521 |
_a500
_bLexile |
||
| 521 |
_aJ
_bRaz-Plus |
||
| 700 | 1 | _aPaul F. Galdone | |
| 906 |
_a0 _bcbc _cpremunv _du _encip _f19 _gy-gencatlg |
||
| 942 |
_2ddc _cBK _n0 |
||
| 999 |
_c2637 _d2637 |
||